| 000 | 00859 a2200241 4500 | ||
|---|---|---|---|
| 003 | Nust | ||
| 005 | 20170207154050.0 | ||
| 010 | _a 2007048794 | ||
| 020 | _a0838909604 (alk. paper) | ||
| 020 | _a9780838909607 (alk. paper) | ||
| 035 | _a(OCoLC)183608326 | ||
| 040 | _cNust | ||
| 100 | 1 | _aMacMillan, Kathy, | |
| 245 | 1 | 2 |
_aA box full of tales :easy ways to share library resources through story boxes(E-BOOK) _cKathy MacMillan. |
| 260 |
_aChicago : _bAmerican Library Association, _c2008. |
||
| 300 |
_avi, 222 p. : _bill. ; _c28 cm. |
||
| 500 | _aIllustrations are drawings of figures demonstrating American sign language. | ||
| 650 | 0 |
_aChildren's libraries _xActivity programs. |
|
| 650 | 0 | _aLibrary cooperation. | |
| 650 | 0 | _aStorytelling. | |
| 651 | _aE-BOOK | ||
| 856 | 4 | 1 |
_3Table of contents only _uhttp://www.loc.gov/catdir/toc/ecip085/2007048794.html |
| 942 |
_2ddc _cBK |
||
| 999 |
_c193068 _d193068 |
||